Bytový dom

Gespeichert in:
Bibliographische Detailangaben
1. Verfasser: Natšin, Lukáš (Verfasst von)
Weitere Verfasser: Jankovichová, Eva (Betreuung Doktorarbeit)
Format: Manuskript Buch
Sprache:Slowakisch
Veröffentlicht: 2021
Schlagworte:
Online-Zugang:http://is.stuba.sk/zp/portal_zp.pl?podrobnosti=159135
https://opac.crzp.sk/?fn=detailBiblioForm&sid=C5B0443D08DFEDB239030949A386
Tags: Tag hinzufügen
Keine Tags, Fügen Sie das erste Tag hinzu!

MARC

LEADER 00000ntm a22000003a 4500
001 stuzp79618
003 SK-STU
005 20230515103623.1
007 ta
008 150427s2015----xo-----f-mn---000-0-slo-d
040 |a STU  |b slo 
041 0 |a slo 
100 1 |a Natšin, Lukáš  |u 010270  |4 aut  |U SvF Stavebná fakulta  |T SvF Katedra technológie stavieb  |X 75872  |U V270  |Y 28  |7 75872 
242 0 1 |a Residential House  |y eng 
245 1 0 |a Bytový dom 
260 |c 2021 
650 4 |a bytový dom  |2 slo 
650 4 |a Baumit, kontaktný tepelnoizolačný systém  |2 slo 
650 4 |a , projekt organizácie výstavby  |2 slo 
650 4 |a apartment building  |2 eng 
650 4 |a Baumit, contact thermal insulation system  |2 eng 
650 4 |a project of organization of the construction  |2 eng 
700 1 |a Jankovichová, Eva  |u 010270  |k Z1  |4 ths  |U SvF Stavebná fakulta  |T SvF Katedra technológie stavieb  |X 647  |U V270  |Y 28  |7 A000000647 
856 4 |u http://is.stuba.sk/zp/portal_zp.pl?podrobnosti=159135 
856 4 |u https://opac.crzp.sk/?fn=detailBiblioForm&sid=C5B0443D08DFEDB239030949A386